[Event "Dyfed op 48th"]
[Site "Fishguard"]
[Date "2019.02.23"]
[Round "3.15"]
[White "Orton, Paul"]
[Black "Cooke, Mark"]
[Result "1/2-1/2"]
[WhiteElo "1596"]
[BlackElo "1368"]
[PlyCount "78"]
[EventDate "2019.02.22"]
[EventType "swiss"]
[EventRounds "5"]
[EventCountry "WLS"]
[SourceTitle "EXT 2020"]
[Source "ChessBase"]
[SourceDate "2019.10.17"]
[SourceVersion "1"]
[SourceVersionDate "2019.10.17"]
[SourceQuality "1"]

1. e4 e5 2. Nf3 d5 3. exd5 e4 4. Qe2 Nf6 5. d3 Bb4+ 6. c3 0-0 7. dxe4 Bd6 8. Bg5 h6 9. Bxf6 Qxf6 10. e5 Qf4 11. exd6 Qc1+ 12. Qd1 Re8+ 13. Be2 Qxb2 14. Nbd2 Rxe2+ 15. Kxe2 b6 16. dxc7 Ba6+ 17. Ke1 Nd7 18. c4 Qc3 19. Kf1 Re8 20. Rc1 Qd3+ 21. Kg1 g5 22. h3 Nc5 23. Kh2 Qf5 24. Re1 Rc8 25. Rc3 Nd3 26. Re2 Nf4 27. Re5 Qd7 28. Rce3 Qxc7 29. Re8+ Kh7 30. R3e7 Qd6 31. Qc2+ Ng6+ 32. Re5 Rxe8 33. Ne4 Qb8 34. Nf6+ Kg7 35. Nxe8+ Kf8 36. Qe4 Nxe5 37. Qxe5 Qxe5+ 38. Nxe5 Kxe8 39. Kg3 f6 1/2-1/2

[Event "WLS-ch Minor"]
[Site "Cardiff"]
[Date "2005.03.26"]
[Round "3"]
[White "Tonks, Brian"]
[Black "Cooke, Mark"]
[Result "1-0"]
[WhiteElo "1646"]
[BlackElo "1578"]
[PlyCount "103"]
[EventDate "2005.03.26"]
[EventType "swiss"]
[EventRounds "7"]
[EventCountry "WLS"]
[SourceTitle "EXT 2006"]
[Source "ChessBase"]
[SourceDate "2005.11.24"]
[SourceVersion "1"]
[SourceVersionDate "2005.11.24"]
[SourceQuality "1"]

1. d4 d5 2. Nf3 Nc6 3. Bf4 Nf6 4. e3 a6 5. c3 Bg4 6. h3 Bf5 7. Bd3 Qd7 8. Bxf5 Qxf5 9. Bxc7 e5 10. Bxe5 Nxe5 11. Nxe5 Bd6 12. 0-0 0-0 13. Qd3 Qh5 14. Nd2 Bxe5 15. dxe5 Qxe5 16. Nf3 Qh5 17. Nd4 Ne4 18. Qd1 Qe5 19. Nf3 Qe6 20. Qd4 h5 21. Qe5 g5 22. Rad1 g4 23. Qxe6 fxe6 24. hxg4 hxg4 25. Ne5 Rf5 26. Nxg4 Rg5 27. f3 Ng3 28. Rfe1 Kg7 29. Kf2 Nh5 30. g3 Rf8 31. Kg2 e5 32. Rxd5 Re8 33. Red1 Nf6 34. Nxf6 Kxf6 35. Rd6+ Kf7 36. Rd7+ Re7 37. Rxe7+ Kxe7 38. f4 exf4 39. exf4 Rb5 40. b3 Ra5 41. Rd2 Ke6 42. Kf3 Rc5 43. c4 Rc8 44. g4 Rh8 45. f5+ Kf6 46. Kf4 Ke7 47. b4 Rc8 48. c5 b5 49. Rd6 Rh8 50. Rxa6 Rh2 51. Kg5 Rxa2 52. Rxa2 1-0